Productivity and Quality Management : (Record no. 346940)

000 -LEADER
fixed length control field 00739 a2200217 4500
003 - CONTROL NUMBER IDENTIFIER
control field OSt
005 - DATE AND TIME OF LATEST TRANSACTION
control field 20180116182833.0
008 - FIXED-LENGTH DATA ELEMENTS--GENERAL INFORMATION
fixed length control field 160503b xxu||||| |||| 00| 0 eng d
020 ## - INTERNATIONAL STANDARD BOOK NUMBER
International Standard Book Number 9221101665 (hardcover)
020 ## - INTERNATIONAL STANDARD BOOK NUMBER
International Standard Book Number 9789221101666 (hardcover)
040 ## - CATALOGING SOURCE
Transcribing agency 0
082 04 - DEWEY DECIMAL CLASSIFICATION NUMBER
Classification number 658.4013 PRO 1996
100 ## - MAIN ENTRY--PERSONAL NAME
Personal name Joseph Prokopenko, Klaus North.
245 10 - TITLE STATEMENT
Title Productivity and Quality Management :
Remainder of title a modular programme /
Statement of responsibility, etc. Joseph Prokopenko, Klaus North.
260 ## - PUBLICATION, DISTRIBUTION, ETC.
Place of publication, distribution, etc. [S.l.] :
Name of publisher, distributor, etc. International Labour Org,
Date of publication, distribution, etc. 1999.
300 ## - PHYSICAL DESCRIPTION
Extent 1 v. (unpaged)
700 1# - ADDED ENTRY--PERSONAL NAME
Personal name Prokopenko, Joseph.
700 1# - ADDED ENTRY--PERSONAL NAME
Personal name North, Klaus.
856 40 - ELECTRONIC LOCATION AND ACCESS
Materials specified Amazon.com
Uniform Resource Identifier <a href="http://www.amazon.com/exec/obidos/ASIN/9221101665/chopaconline-20">http://www.amazon.com/exec/obidos/ASIN/9221101665/chopaconline-20</a>
942 ## - ADDED ENTRY ELEMENTS (KOHA)
Institution code [OBSOLETE] NBS
Koha item type Book
Call number prefix 658.4013 PRO
Source of classification or shelving scheme
Holdings
Withdrawn status Lost status Damaged status Not for loan Permanent Location Current Location Date acquired Total Checkouts Full call number Barcode Date last seen Price effective from Koha item type
        Central Library (CL) Central Library (CL) 08/28/2013   658.4013 PRO NBS642 05/03/2016 08/28/2013 Book
        Central Library (CL) Central Library (CL) 08/28/2013   658.4013 PRO NBS642-A 08/28/2013 08/28/2013 Book
© 2023 Central Library, National University of Sciences and Technology. All Rights Reserved.